| 000 | 00460nam a2200181 a 4500 | ||
|---|---|---|---|
| 001 | 21743 | ||
| 005 | 20180713215535.0 | ||
| 008 | 140415s1952 mx 000 0 spa d | ||
| 041 | _aspa | ||
| 082 |
_a920 _bCHR |
||
| 100 | 1 | _aCHRYSLER, WALTER P. | |
| 245 | 1 | 0 | _aVIDA DE UN TRABAJADOR AMERICANO |
| 250 | _a1a ed. | ||
| 260 |
_aMEXICO : _bGANDESA, _c1952 |
||
| 300 | _a243 | ||
| 650 | 1 | 4 | _aAUTOBIOGRAFIAS |
| 700 | 1 |
_aSPARKES, BOYDEN _ecoaut. |
|
| 999 |
_c21743 _d21743 |
||